000
00350nam a2200169Ia 4500
100
_a
Fischer/Charles N
650
_a
Compilers
942
_c
BK
366
_f
20
654
_a
compiler
245
_a
crafting a compiler with C
260
_b
Pearson Education
_c
1991
082
_a
5.43
_b
FIS
300
_a
812
546
_a
ENGLISH
999
_c
26535
_d
26535